[Event "Konakovo Chervonny op"]
[Site "Konakovo"]
[Date "2011.09.24"]
[Round "4"]
[White "Blinov, Sergey"]
[Black "Ivanov, Valery"]
[Result "1/2-1/2"]
[WhiteElo "1964"]
[BlackElo "2177"]
[PlyCount "39"]
[EventDate "2011.09.22"]
[EventType "swiss"]
[EventRounds "7"]
[EventCountry "RUS"]
[SourceTitle "EXT 2012"]
[Source "ChessBase"]
[SourceDate "2011.11.24"]
[SourceVersion "1"]
[SourceVersionDate "2011.11.24"]
[SourceQuality "1"]

1. Nf3 Nf6 2. b3 d5 3. e3 Bf5 4. Bb2 e6 5. h3 h6 6. a4 Bd6 7. Bd3 Bxd3 8. cxd3 0-0 9. 0-0 Nbd7 10. d4 c5 11. Ba3 Qe7 12. dxc5 Nxc5 13. d4 Nce4 14. Bxd6 Qxd6 15. Ne5 Rac8 16. f3 Nc3 17. Qd2 Nxb1 18. Raxb1 Rc7 19. Rfc1 Rfc8 20. Nd3 1/2-1/2

[Event "Konakovo Chervonny op"]
[Site "Konakovo"]
[Date "2011.09.22"]
[Round "1"]
[White "Ivanov, Valery"]
[Black "Tokarzhevskiy, Aleksey"]
[Result "0-1"]
[WhiteElo "2177"]
[BlackElo "1905"]
[PlyCount "96"]
[EventDate "2011.09.22"]
[EventType "swiss"]
[EventRounds "7"]
[EventCountry "RUS"]
[SourceTitle "EXT 2012"]
[Source "ChessBase"]
[SourceDate "2011.11.24"]
[SourceVersion "1"]
[SourceVersionDate "2011.11.24"]
[SourceQuality "1"]

1. e4 e6 2. d4 d5 3. Nc3 Bb4 4. e5 c5 5. a3 Bxc3+ 6. bxc3 Ne7 7. Qg4 Ng6 8. Nf3 f5 9. Qh5 cxd4 10. cxd4 Qc7 11. Bd2 Qxc2 12. Ng5 Nc6 13. Bb5 Qb2 14. Bxc6+ bxc6 15. Rc1 Qxd4 16. f4 Ba6 17. Rxc6 Qa1+ 18. Rc1 Qd4 19. Rc6 Qa1+ 20. Qd1 Qxa3 21. Rxe6+ Ne7 22. Qb1 0-0 23. Qb4 Qd3 24. Rxa6 Qxa6 25. Kf2 Qb6+ 26. Qxb6 axb6 27. Bb4 Rfe8 28. Rd1 Nc6 29. Bd6 d4 30. Nf3 Ra4 31. Rb1 Ra2+ 32. Kg3 Ra6 33. Rb3 Ra4 34. Rb2 d3 35. Rxb6 Nd4 36. Nxd4 Rxd4 37. Rb1 Rc8 38. Rd1 d2 39. Kf3 Rc1 40. Ke2 Rxd1 41. Kxd1 Rxf4 42. Kxd2 Rf2+ 43. Ke3 Rxg2 44. h4 Kf7 45. Kf3 Rg1 46. Kf4 g6 47. h5 Rg4+ 48. Kf3 g5 0-1

[Event "RUS-ch Seniors"]
[Site "Odintsovo"]
[Date "2011.04.25"]
[Round "7"]
[White "Yakovlev, Yuri S"]
[Black "Ivanov, Valery"]
[Result "0-1"]
[WhiteElo "2014"]
[BlackElo "2185"]
[PlyCount "100"]
[EventDate "2011.04.19"]
[EventType "swiss"]
[EventRounds "9"]
[EventCountry "RUS"]
[SourceTitle "CBM 142 Extra"]
[Source "ChessBase"]
[SourceDate "2011.06.27"]
[SourceVersion "1"]
[SourceVersionDate "2011.06.27"]
[SourceQuality "1"]

1. e4 e5 2. Nf3 Nc6 3. Bc4 Nf6 4. d4 exd4 5. e5 d5 6. Bb5 Ne4 7. Nxd4 Bc5 8. Be3 0-0 9. Bxc6 bxc6 10. 0-0 Bd7 11. f3 Ng5 12. Qd2 Ne6 13. Nxe6 Bxe3+ 14. Qxe3 Bxe6 15. c3 Qb8 16. b4 a5 17. a3 Qb6 18. Qxb6 cxb6 19. Nd2 c5 20. bxc5 bxc5 21. g4 Rab8 22. Rab1 a4 23. Rxb8 Rxb8 24. Rb1 Rxb1+ 25. Nxb1 Kf8 26. Kf2 Ke7 27. Ke3 Kd7 28. Nd2 Kc6 29. Kf4 Kb5 30. Ke3 g5 31. Kd3 Kc6 32. h3 Bc8 33. Ke3 Kd7 34. f4 gxf4+ 35. Kxf4 Ke6 36. g5 Ba6 37. h4 Be2 38. Ke3 Bd1 39. Kf4 Bh5 40. Nf1 d4 41. cxd4 cxd4 42. Ke4 d3 43. Kxd3 Kxe5 44. Ke3 Kf5 45. Nh2 Bd1 46. Kf2 Ke4 47. Kg3 Kd4 48. Ng4 Kc3 49. h5 Kb2 50. Nf6 Kxa3 0-1

[Event "RUS-ch Seniors"]
[Site "Odintsovo"]
[Date "2011.04.21"]
[Round "3"]
[White "Pushkov, Nikolai"]
[Black "Ivanov, Valery"]
[Result "1/2-1/2"]
[WhiteElo "2424"]
[BlackElo "2185"]
[PlyCount "48"]
[EventDate "2011.04.19"]
[EventType "swiss"]
[EventRounds "9"]
[EventCountry "RUS"]
[SourceTitle "CBM 142 Extra"]
[Source "ChessBase"]
[SourceDate "2011.06.27"]
[SourceVersion "1"]
[SourceVersionDate "2011.06.27"]
[SourceQuality "1"]

1. d4 d5 2. Nf3 Nf6 3. c4 c6 4. e3 e6 5. Nc3 Nbd7 6. Qc2 Bd6 7. Bd3 dxc4 8. Bxc4 0-0 9. 0-0 e5 10. Bb3 Qe7 11. h3 a5 12. a3 b5 13. Bd2 Ba6 14. Rfc1 Rac8 15. Ne4 Nxe4 16. Qxe4 a4 17. Ba2 Bb7 18. Bc3 Rce8 19. Rd1 Nf6 20. Qh4 e4 21. Nh2 Bc8 22. Nf1 Be6 23. Bxe6 Qxe6 24. Rac1 Rc8 1/2-1/2

[Event "Voronezh op-B 13th"]
[Site "Voronezh"]
[Date "2009.06.20"]
[Round "9"]
[White "Evteev, Alexey"]
[Black "Ivanov, Valery"]
[Result "0-1"]
[WhiteElo "1888"]
[BlackElo "2253"]
[PlyCount "57"]
[EventDate "2009.06.12"]
[EventType "swiss"]
[EventRounds "9"]
[EventCountry "RUS"]
[SourceTitle "CBM 130 Extra"]
[Source "ChessBase"]
[SourceDate "2009.07.02"]
[SourceVersion "2"]
[SourceVersionDate "2009.07.15"]
[SourceQuality "1"]

1. e4 e6 2. d4 d5 3. exd5 exd5 4. c4 Nf6 5. Nf3 Bb4+ 6. Nc3 0-0 7. Be2 dxc4 8. 0-0 Nc6 9. Bxc4 Bg4 10. Be3 Qd7 11. Qe2 Rfe8 12. Rad1 Rad8 13. Bb5 a6 14. Ba4 b5 15. Bc2 Bd6 16. Kh1 Bh5 17. Rg1 Bf4 18. Qd2 Bxe3 19. fxe3 b4 20. Na4 Qd5 21. Rgf1 Ne4 22. Qd3 Bg6 23. Qxa6 Ng3+ 24. hxg3 Bxc2 25. Rc1 Ra8 26. Qb7 Ra7 27. Qxa7 Nxa7 28. Rxc2 Nb5 29. Rfc1 0-1

[Event "Voronezh op-B 13th"]
[Site "Voronezh"]
[Date "2009.06.16"]
[Round "5"]
[White "Ivanov, Valery"]
[Black "Andreev, Volodymyr"]
[Result "0-1"]
[WhiteElo "2253"]
[BlackElo "1950"]
[PlyCount "52"]
[EventDate "2009.06.12"]
[EventType "swiss"]
[EventRounds "9"]
[EventCountry "RUS"]
[SourceTitle "CBM 130 Extra"]
[Source "ChessBase"]
[SourceDate "2009.07.02"]
[SourceVersion "2"]
[SourceVersionDate "2009.07.15"]
[SourceQuality "1"]

1. e4 c5 2. Nf3 Nc6 3. d4 cxd4 4. Nxd4 e5 5. Nb5 d6 6. N1c3 a6 7. Na3 b5 8. Nd5 Nge7 9. c4 Nd4 10. Nc2 Nxd5 11. cxd5 Bg4 12. Qd3 Nxc2+ 13. Qxc2 Be7 14. Bd3 0-0 15. 0-0 Bg5 16. Bxg5 Qxg5 17. Qc1 Qg6 18. Qe3 f5 19. exf5 Bxf5 20. Bxf5 Qxf5 21. Rac1 e4 22. Qd4 Rac8 23. Rc6 e3 24. Qxe3 Qxd5 25. Rxa6 Rc2 26. Rxd6 Qxd6 0-1

[Event "Voronezh op-B 13th"]
[Site "Voronezh"]
[Date "2009.06.13"]
[Round "2"]
[White "Butneva, Larisa"]
[Black "Ivanov, Valery"]
[Result "0-1"]
[WhiteElo "1857"]
[BlackElo "2253"]
[PlyCount "75"]
[EventDate "2009.06.12"]
[EventType "swiss"]
[EventRounds "9"]
[EventCountry "RUS"]
[SourceTitle "CBM 130 Extra"]
[Source "ChessBase"]
[SourceDate "2009.07.02"]
[SourceVersion "2"]
[SourceVersionDate "2009.07.15"]
[SourceQuality "1"]

1. c4 e6 2. Nf3 f5 3. d4 Nf6 4. g3 c6 5. Bg2 d5 6. Nbd2 Bd6 7. 0-0 0-0 8. c5 Bc7 9. Ne5 Bxe5 10. dxe5 Nfd7 11. Nb3 Nxe5 12. Bf4 Nf7 13. Qc2 e5 14. Bd2 Be6 15. e3 Nd7 16. f4 Qc7 17. fxe5 Rae8 18. Nd4 g6 19. b4 Nfxe5 20. Rae1 Nc4 21. Bc3 Bf7 22. Qc1 Nde5 23. Ba1 Qe7 24. Qc3 Qf6 25. h3 h5 26. Rf4 Re7 27. a4 Be8 28. e4 dxe4 29. Bxe4 Qg5 30. Bg2 Bf7 31. Ref1 Bd5 32. Bxd5+ cxd5 33. b5 h4 34. Rxh4 Ne3 35. Kf2 Nxf1 36. Kxf1 f4 37. Nf3 fxg3 38. Kg2 0-1

[Event "Voronezh op-A 11th"]
[Site "Voronezh"]
[Date "2007.06.20"]
[Round "8"]
[White "Kachko, Alexander"]
[Black "Ivanov, Valery"]
[Result "1/2-1/2"]
[WhiteElo "2414"]
[BlackElo "2264"]
[PlyCount "75"]
[EventDate "2007.06.12"]
[EventType "swiss"]
[EventRounds "9"]
[EventCountry "RUS"]
[SourceTitle "CBM 118 Extra"]
[Source "ChessBase"]
[SourceDate "2007.07.04"]
[SourceVersion "1"]
[SourceVersionDate "2007.07.04"]
[SourceQuality "1"]

1. e4 e6 2. c4 d5 3. exd5 exd5 4. cxd5 Nf6 5. Bc4 c6 6. dxc6 Nxc6 7. Qb3 Nd4 8. Qa4+ b5 9. Bxb5+ Nxb5 10. Qxb5+ Bd7 11. Qe2+ Be7 12. Nf3 0-0 13. 0-0 Re8 14. d4 Bg4 15. Nc3 Bc5 16. Qc4 Bb6 17. Ne5 Be6 18. Qa4 Qxd4 19. Qxd4 Bxd4 20. Nf3 Bxc3 21. bxc3 Bc4 22. Rd1 Be2 23. Rd4 Rac8 24. Bd2 Ne4 25. Rc1 Rb8 26. Re1 Bxf3 27. gxf3 Nxd2 28. Rxe8+ Rxe8 29. Rxd2 g6 30. Rd7 Rc8 31. Rxa7 Rxc3 32. Kg2 Kg7 33. a4 Ra3 34. Kg3 Ra2 35. f4 Ra3+ 36. f3 h5 37. h4 Kf6 38. Ra5 1/2-1/2

[Event "Voronezh op-A 11th"]
[Site "Voronezh"]
[Date "2007.06.18"]
[Round "6"]
[White "Volk, Sergey"]
[Black "Ivanov, Valery"]
[Result "0-1"]
[WhiteElo "2113"]
[BlackElo "2264"]
[PlyCount "75"]
[EventDate "2007.06.12"]
[EventType "swiss"]
[EventRounds "9"]
[EventCountry "RUS"]
[SourceTitle "CBM 118 Extra"]
[Source "ChessBase"]
[SourceDate "2007.07.04"]
[SourceVersion "1"]
[SourceVersionDate "2007.07.04"]
[SourceQuality "1"]

1. Nf3 f5 2. e4 fxe4 3. Ng5 Nf6 4. d3 e3 5. Bxe3 e5 6. d4 exd4 7. Qxd4 Nc6 8. Qh4 Qe7 9. a3 d5 10. Bb5 Bd7 11. 0-0 0-0-0 12. Qa4 d4 13. Bxd4 Nxd4 14. Bxd7+ Qxd7 15. Qxa7 Nc6 16. Qa8+ Nb8 17. Nc3 Bd6 18. a4 Qf5 19. Nf3 g5 20. Nb5 Ne4 21. Na7+ Kd7 22. Qxb7 Nc5 23. Qb5+ c6 24. Qc4 Qf4 25. Qxf4 gxf4 26. b4 Kc7 27. Nb5+ cxb5 28. bxc5 Bxc5 29. axb5 Rhe8 30. Rfe1 Nd7 31. c4 Nf6 32. Ng5 Rxe1+ 33. Rxe1 Rd2 34. Ra1 Bxf2+ 35. Kh1 Be3 36. Ne6+ Kd6 37. Ra6+ Ke5 38. h3 0-1

[Event "RUS-ch Seniors"]
[Site "Zvenigorod"]
[Date "2005.11.28"]
[Round "1"]
[White "Ivanov, Valery"]
[Black "Filippov, Vladimir Mikhailovi"]
[Result "1/2-1/2"]
[WhiteElo "2311"]
[BlackElo "2106"]
[PlyCount "40"]
[EventDate "2005.11.28"]
[EventType "swiss"]
[EventRounds "7"]
[EventCountry "RUS"]
[SourceTitle "EXT 2007"]
[Source "ChessBase"]
[SourceDate "2006.11.23"]
[SourceVersion "1"]
[SourceVersionDate "2006.11.23"]
[SourceQuality "1"]

1. e4 d6 2. d4 Nf6 3. Nc3 c6 4. Nf3 g6 5. Bd3 Bg7 6. h3 0-0 7. a4 a5 8. 0-0 Na6 9. Re1 Nb4 10. Bf1 Re8 11. Bg5 Qc7 12. Qd2 e5 13. Rad1 Nd7 14. Bc4 Nf8 15. dxe5 dxe5 16. Bd8 Qb8 17. Ng5 Be6 18. Bxe6 Nxe6 19. Nxe6 Rxe6 20. Bb6 Bf8 1/2-1/2